Diálogo con Nietzsche (Record no. 19337)

MARC details
000 -LEADER
campo de control de longitud fija 00806nam a2200241 i 4500
001 - NÚMERO DE CONTROL
campo de control 19337
003 - IDENTIFICADOR DE NÚMERO DE CONTROL
campo de control ES-MaACL
005 - FECHA Y HORA DE LA ÚLTIMA TRANSACCIÓN
campo de control 20230906152054.0
007 - CAMPO FIJO DE DESCRIPCIÓN FÍSICA--INFORMACIÓN GENERAL
campo de control de longitud fija t|
008 - DATOS DE LONGITUD FIJA--INFORMACIÓN GENERAL
campo de control de longitud fija 020724s2001 sp |||| | spa j
020 ## - NÚMERO INTERNACIONAL ESTÁNDAR DEL LIBRO
Número Internacional Estándar del Libro 84-493-1182-9
080 ## - NÚMERO DE LA CLASIFICACIÓN DECIMAL UNIVERSAL
Número de la Clasificación Decimal Universal 1 Nietzsche, Friedrich
100 1# - ENTRADA PRINCIPAL--NOMBRE DE PERSONA
Nombre de persona Vattimo, Gianni.
9 (RLIN) 113303
245 10 - MENCIÓN DEL TÍTULO
Título Diálogo con Nietzsche
Resto del título : ensayos 1961-2000 /
Mención de responsabilidad, etc. Gianni Vattimo ; [traducción de Carmen Revilla].
260 ## - PUBLICACIÓN, DISTRIBUCIÓN, ETC.
Lugar de publicación, distribución, etc. Barcelona :
Nombre del editor, distribuidor, etc. Paidós Ibérica,
Fecha de publicación, distribución, etc. [2001]
300 ## - DESCRIPCIÓN FÍSICA
Extensión 305 p ;
Dimensiones 21 cm.
490 1# - MENCIÓN DE SERIE
Mención de serie Biblioteca del presente ;
Designación de volumen o secuencia 19
600 14 - PUNTO DE ACCESO ADICIONAL DE MATERIA--NOMBRE DE PERSONA
Nombre de persona Nietzsche, Friedrich,
Fechas asociadas al nombre 1844-1900-
Subdivisión general Crítica e interpretación
9 (RLIN) 85721
700 1# - ENTRADA AGREGADA--NOMBRE PERSONAL
Nombre de persona Revilla, Carmen.
9 (RLIN) 96426
830 0# - PUNTO DE ACCESO ADICIONAL DE SERIE-TÍTULO UNIFORME
Título uniforme Biblioteca del presente ;
Designación de volumen o secuencia 19
9 (RLIN) 188988
852 ## - LOCALIZACIÓN
Ubicación ES-MaACL
Número de control de estantería L-25777
Holdings
Estatus retirado Estado de pérdida Estado de daño No para préstamo Biblioteca de origen Biblioteca actual Ubicación en estantería Fecha de adquisición Fuente de adquisición Total de préstamos Signatura topográfica completa Código de barras Visto por última vez Precio de reemplazo Tipo de ítem Koha
        Biblioteca del Ateneo de Madrid Biblioteca del Ateneo de Madrid Depósito 2 17/01/2008     L-25777 1019785 23/02/2023 23/02/2023 Libro impreso